The Flash - Villians - Statistics

General Stats
  • This quiz has been taken 1,559 times
  • The average score is 10 of 22
Answer Stats
Episode Villain Name Name % Correct
Episode 9 Reverse Flash Eobard Thawne
92%
Episode 15 Reverse Flash Eobard Thawne
92%
Episode 4 Captain Cold Leonard Snart
90%
Episode 10 Captain Cold Leonard Snart
90%
Episode 16 Captain Cold Leonard Snart
90%
Episode 15 Weather Wizard Mark Mardon
72%
Episode 10 Heat Wave Mick Rory
69%
Episode 16 Heat Wave Mick Rory
69%
Episode 17 The Trickster James Jesse
50%
Episode 17 The Trickster Axel Walker
50%
Episode 11 Pied Piper Hartley Rathaway
33%
Episode 3 The Mist Kyle Nimbus
26%
Episode 12 Peek-a-boo Shawna Baez
25%
Episode 8 Prism Roy G. Bivolo
25%
Episode 2 Multiplex Danton Black
24%
Episode 6 Girder Tony Woodward
23%
Episode 5 Plastique Bette Sans Souci
23%
Episode 6 General Eiling General Eiling
22%
Episode 13 General Eiling General Eiling
22%
Episode 14 General Eiling General Eiling
22%
Episode 7 Blackout Farooq Gibran
17%
Episode 1 Clyde Mardon Clyde Mardon
14%
No matching quizzes found
Score Distribution
Percent of People with Each Score
Percentile by Number Answered
Your Score History
You have not taken this quiz